[Event "NK B Jeugd"]
[Site "Chess.com"]
[Date "2020.05.01"]
[Round "5"]
[White "Maters, Arthur"]
[Black "De Winter, Arthur"]
[Result "0-1"]
[WhiteElo "1946"]
[BlackElo "2457"]
[PlyCount "70"]
[EventDate "2020.05.??"]

1. e4 c5 2. Nf3 Nc6 3. d4 cxd4 4. Nxd4 Nf6 5. Nc3 e5 6. Ndb5 d6 7. Bg5 a6 8.
Na3 b5 9. Bxf6 gxf6 10. Nd5 f5 11. c4 b4 12. Nc2 a5 13. exf5 Bxf5 14. Nce3 Bg6
15. b3 Bg7 16. Bd3 e4 17. Be2 Bxa1 18. Qxa1 Ne5 19. h4 h5 20. g4 a4 21. bxa4
Rxa4 22. gxh5 Bxh5 23. Bxh5 Rxh5 24. Rg1 Nf3+ 25. Ke2 Nxg1+ 26. Qxg1 Rxa2+ 27.
Ke1 Rh8 28. Qg7 Qxh4 29. Nf6+ Kd8 30. Nfg4 Qh1+ 31. Nf1 Ra1+ 32. Qxa1 Qxf1+ 33.
Kxf1 Rh1+ 34. Ke2 Rxa1 35. Nf6 b3 0-1

[Event "NK B Jeugd"]
[Site "Chess.com"]
[Date "2020.05.01"]
[Round "5"]
[White "Torensma, Christian"]
[Black "Qi, Zimo"]
[Result "1-0"]
[WhiteElo "1773"]
[BlackElo "1736"]
[PlyCount "47"]
[EventDate "2020.05.??"]

1. d4 d5 2. c4 c6 3. cxd5 cxd5 4. Bf4 Bf5 5. Nc3 Nc6 6. e3 Nf6 7. Qb3 Qd7 8.
Nf3 a6 9. Ne5 Qc8 10. Nxd5 Be6 11. Nb6 Qd8 12. Nxc6 bxc6 13. d5 Bxd5 14. Nxd5
cxd5 15. Qa4+ Nd7 16. Rc1 Rc8 17. Rc6 Rxc6 18. Qxc6 Qa5+ 19. Kd1 Qb6 20. Qc8+
Qd8 21. Qxd8+ Kxd8 22. Bxa6 e5 23. Bg3 h5 24. f3 1-0

[Event "NK B Jeugd"]
[Site "Chess.com"]
[Date "2020.05.01"]
[Round "5"]
[White "Van Foreest, Machteld"]
[Black "Verheul, Job"]
[Result "1/2-1/2"]
[WhiteElo "1954"]
[BlackElo "1949"]
[PlyCount "220"]
[EventDate "2020.05.??"]

1. e4 c6 2. Nf3 d5 3. exd5 cxd5 4. d4 Bg4 5. h3 Bxf3 6. Qxf3 e6 7. Bd3 Nc6 8.
c3 Nf6 9. O-O Bd6 10. Nd2 O-O 11. Rd1 Rb8 12. Nf1 b5 13. Bc2 Ne7 14. Bg5 Ng6
15. Ng3 Be7 16. Bxf6 Bxf6 17. Rac1 Bg5 18. Rb1 b4 19. Qd3 bxc3 20. bxc3 Qc7 21.
Ne2 Rxb1 22. Rxb1 Rb8 23. Rxb8+ Qxb8 24. g3 Be7 25. c4 dxc4 26. Qxc4 Bf6 27. d5
exd5 28. Qxd5 Qe5 29. Qa8+ Nf8 30. Qf3 Qa1+ 31. Kg2 Qxa2 32. Qd3 a5 33. Bb3 Qb2
34. Qd5 Ne6 35. Nf4 Qe5 36. Qa8+ Nf8 37. Qa7 Be7 38. Bd5 g6 39. Qxa5 Kg7 40.
Qa2 Qf6 41. h4 Bd6 42. Nd3 Nd7 43. Qa7 Ne5 44. Nxe5 Bxe5 45. Qa2 Bd4 46. Bf3
Qe7 47. Qd2 Bf6 48. h5 gxh5 49. Bxh5 Bg5 50. f4 Bf6 51. Qd3 Qe6 52. Bf3 Qe7 53.
Qd5 Qe6 54. Qh5 Qa2+ 55. Be2 Qa8+ 56. Kh2 Qa2 57. Kh3 Qe6+ 58. Bg4 Qe1 59. Kg2
Qd2+ 60. Be2 Qc2 61. Kh3 Qg6 62. Qf3 Qh6+ 63. Kg2 Qg6 64. Bd3 Qh6 65. Qg4+ Kf8
66. Qc8+ Kg7 67. Qg4+ Kf8 68. Qf5 Kg7 69. g4 Qg6 70. Qd7 Qh6 71. g5 Bxg5 72.
fxg5 Qxg5+ 73. Kf3 Qf6+ 74. Kg3 Qg5+ 75. Kf2 Qf4+ 76. Ke2 Qh2+ 77. Ke3 Qe5+ 78.
Kd2 Qb2+ 79. Bc2 Qb4+ 80. Kc1 Qe1+ 81. Kb2 Qb4+ 82. Bb3 Qf4 83. Qd5 Qf6+ 84.
Kc2 Qf2+ 85. Kc3 Qg3+ 86. Kb4 Qf4+ 87. Kb5 Qb8+ 88. Kc4 Qf4+ 89. Kc3 Qe3+ 90.
Kb2 Qf2+ 91. Ka3 Qa7+ 92. Ba4 Qe3+ 93. Kb4 Qb6+ 94. Bb5 Qe6 95. Qg5+ Qg6 96.
Qe5+ Qf6 97. Qg3+ Qg6 98. Qe5+ Qf6 99. Qd5 Qf4+ 100. Bc4 Qb8+ 101. Kc3 Qg3+
102. Bd3 Qc7+ 103. Kd2 Qf4+ 104. Kc2 Qc7+ 105. Kb3 Qb8+ 106. Kc3 Qc7+ 107. Kb4
Qb8+ 108. Kc5 Qc7+ 109. Kd4 Qf4+ 110. Kc3 Qc7+ 1/2-1/2

[Event "NK B Jeugd"]
[Site "Chess.com"]
[Date "2020.05.01"]
[Round "5"]
[White "Van Foreest, Nanne"]
[Black "Andringa, Ivo"]
[Result "1-0"]
[WhiteElo "1864"]
[BlackElo "1705"]
[PlyCount "87"]
[EventDate "2020.05.??"]

1. e4 e5 2. Nf3 Nc6 3. Bc4 Nf6 4. Ng5 d5 5. exd5 Na5 6. Bb5+ c6 7. dxc6 bxc6 8.
Bd3 h6 9. Ne4 Bd7 10. Nxf6+ Qxf6 11. O-O Bd6 12. Be4 O-O 13. d3 Be6 14. Nc3
Rac8 15. Be3 a6 16. Ne2 Bd5 17. Ng3 Qh4 18. Nf5 Qf6 19. Nxd6 Qxd6 20. Qd2 Rcd8
21. Qxa5 Bxe4 22. dxe4 Qf6 23. Qxa6 Rd6 24. Bc5 Rfd8 25. Bxd6 Rxd6 26. Rad1 Re6
27. Qc8+ Kh7 28. Rd8 Qg5 29. Rh8+ Kg6 30. g3 Qg4 31. f3 Qh3 32. Re8 Kf6 33.
Rxe6+ fxe6 34. Qf8+ Kg6 35. f4 Qh5 36. f5+ exf5 37. exf5+ Kh7 38. f6 gxf6 39.
Qxf6 Qe2 40. Qf7+ Kh8 41. Qf8+ Kh7 42. Rf7+ Kg6 43. Qg8+ Kh5 44. Rf5# 1-0

[Event "NK B Jeugd"]
[Site "Chess.com"]
[Date "2020.05.01"]
[Round "5"]
[White "Van Wijngaarden, Frank"]
[Black "Van Dael, Siem"]
[Result "1-0"]
[WhiteElo "2000"]
[BlackElo "2235"]
[PlyCount "75"]
[EventDate "2020.05.??"]

1. e4 e5 2. f4 exf4 3. Nf3 Nf6 4. e5 Nh5 5. d4 d5 6. Be2 Be6 7. O-O g5 8. Nxg5
Qxg5 9. Bxh5 Rg8 10. Rf2 Nc6 11. Nc3 O-O-O 12. Bxf4 Qg7 13. a4 a5 14. Rb1 b6
15. Be2 Nxd4 16. Ba6+ Kb8 17. Kh1 Nf5 18. Ne4 Be7 19. Nf6 Bxf6 20. exf6 Qxf6
21. b4 Ka7 22. Bd3 Qh4 23. Qe2 Rg4 24. Bxc7 Rc8 25. Bxf5 Bxf5 26. Bxb6+ Kxb6
27. Rxf5 Rxb4 28. Rbf1 Qe4 29. Rf6+ Rc6 30. Rxc6+ Kxc6 31. Qa6+ Kc5 32. Qxa5+
Kc4 33. Qc7+ Kd4 34. c3+ Kd3 35. cxb4 Qxb4 36. Qg3+ Kc2 37. Qf2+ Kd3 38. Rd1+
1-0

[Event "NK B Jeugd"]
[Site "Chess.com"]
[Date "2020.05.01"]
[Round "5"]
[White "Van der Hagen, Loek"]
[Black "Rutten, Alexander"]
[Result "1/2-1/2"]
[WhiteElo "2205"]
[BlackElo "2121"]
[PlyCount "117"]
[EventDate "2020.05.??"]

1. e4 c5 2. Nf3 d6 3. d4 cxd4 4. Nxd4 Nf6 5. Nc3 a6 6. Bg5 Nbd7 7. f4 Qc7 8.
Qf3 b5 9. O-O-O Bb7 10. Bd3 Qb6 11. Bxf6 Nxf6 12. Nd5 Nxd5 13. exd5 g6 14. Rhe1
Bg7 15. Nc6 Bxc6 16. dxc6 e6 17. f5 gxf5 18. Bxf5 O-O 19. Bd3 d5 20. Qh5 h6 21.
g4 Qf2 22. h4 Qf6 23. c3 b4 24. Rf1 Qe5 25. Qxe5 Bxe5 26. cxb4 Rfc8 27. Kb1
Rxc6 28. Rc1 Rb6 29. a3 Kf8 30. g5 hxg5 31. hxg5 Ke7 32. Rce1 Bg7 33. Rf3 Rf8
34. Rc1 Be5 35. Re1 Bd4 36. Rf4 Bg7 37. Rf3 f6 38. gxf6+ Bxf6 39. Rh3 Kd6 40.
Rhe3 Kd7 41. Rh3 a5 42. Rh7+ Kd6 43. b5 Bd4 44. a4 Rbb8 45. Rh6 Rbe8 46. Re2
Rf3 47. Bc2 Rf6 48. Rxf6 Bxf6 49. Bb3 Bd4 50. Rc2 Bc5 51. Rh2 e5 52. Rh6+ Re6
53. Rh8 Bb6 54. Rh1 e4 55. Rh5 Re5 56. Rh6+ Re6 57. Rh5 Re5 58. Rh6+ Re6 59.
Rh5 1/2-1/2

[Event "NK B Jeugd"]
[Site "Chess.com"]
[Date "2020.05.01"]
[Round "5"]
[White "Wierenga, Jael"]
[Black "Van Dam, Thijs"]
[Result "0-1"]
[WhiteElo "1932"]
[BlackElo "2121"]
[PlyCount "52"]
[EventDate "2020.05.??"]

1. b3 e5 2. Bb2 Nc6 3. e3 d5 4. Bb5 Bd6 5. Nf3 Qe7 6. d4 e4 7. Ne5 Bxe5 8. dxe5
Be6 9. Nc3 Rd8 10. O-O Nh6 11. Ne2 O-O 12. Nd4 Nxe5 13. Nxe6 Qxe6 14. Qd4 f6
15. Qxa7 Qg4 16. Bxe5 fxe5 17. Qxb7 Nf5 18. Rad1 Nh4 19. g3 Nf3+ 20. Kg2 Rf6
21. Rxd5 Rdf8 22. Bc4 Kh8 23. Qxc7 Rh6 24. h4 Rxh4 25. Rh1 Rxh1 26. Rd6 Rg1#
0-1

[Event "NK B Jeugd"]
[Site "Chess.com"]
[Date "2020.05.01"]
[Round "6"]
[White "Achuthan, Dylan"]
[Black "Albers, Sasa"]
[Result "0-1"]
[WhiteElo "1943"]
[BlackElo "2087"]
[PlyCount "86"]
[EventDate "2020.05.??"]

1. e4 c6 2. d4 d5 3. e5 c5 4. Nf3 cxd4 5. Nxd4 e6 6. c4 Nc6 7. Nc3 Nge7 8. Be2
Nxe5 9. cxd5 Nxd5 10. O-O Be7 11. Ndb5 O-O 12. Nxd5 exd5 13. Bf4 Ng6 14. Bg3
Be6 15. Nc7 Rc8 16. Nxe6 fxe6 17. Bg4 Rc6 18. Re1 Qb6 19. Qe2 e5 20. Rad1 Rd6
21. Bxe5 Nxe5 22. Qxe5 Qxf2+ 23. Kh1 Rdf6 24. Qxd5+ Kh8 25. Bf3 Bb4 26. Rf1
Qxb2 27. Qxb7 a5 28. a4 Qb3 29. Qb5 Qc2 30. Rc1 Qb3 31. Rcd1 Qe3 32. Qd3 Qe8
33. Qd7 Qb8 34. Be2 Qe5 35. Bf3 Rh6 36. h3 Bd6 37. Kg1 Qh2+ 38. Kf2 Qg3+ 39.
Kg1 Qh2+ 40. Kf2 Bc5+ 41. Ke2 Qe5+ 42. Kd2 Rd6+ 43. Qxd6 Qxd6+ 0-1

[Event "NK B Jeugd"]
[Site "Chess.com"]
[Date "2020.05.01"]
[Round "6"]
[White "Andringa, Ivo"]
[Black "Grooten, Tommy"]
[Result "0-1"]
[WhiteElo "1700"]
[BlackElo "1836"]
[PlyCount "88"]
[EventDate "2020.05.??"]

1. e4 c5 2. Nf3 e6 3. c3 Nf6 4. d3 d5 5. e5 Nfd7 6. g3 Nc6 7. d4 b5 8. Bxb5 Qb6
9. Bxc6 Qxc6 10. O-O Ba6 11. Re1 Be7 12. Be3 Rb8 13. b3 Qc7 14. Nbd2 Qa5 15.
Qc2 Rc8 16. dxc5 Nxc5 17. b4 Qa4 18. Qxa4+ Nxa4 19. Bxa7 Nxc3 20. Bc5 Bxc5 21.
bxc5 Rxc5 22. Rac1 Ne2+ 23. Kf1 Rxc1 24. Rxc1 Nxc1+ 25. Kg2 Nxa2 26. Nd4 O-O
27. N2f3 Rc8 28. Nb3 Nc1 29. Nbd4 Ne2 30. Nb3 Rc3 31. Na5 Kf8 32. Ng5 h6 33.
Nf3 Ke7 34. Nd2 Nd4 35. Nb1 Rc5 36. Nb3 Nxb3 37. Na3 Nd2 38. h4 Rc3 39. Nc2
Rxc2 40. Kh3 Ne4 41. f4 Bf1+ 42. Kg4 Bg2 43. f5 exf5+ 44. Kh5 Nxg3# 0-1

[Event "NK B Jeugd"]
[Site "Chess.com"]
[Date "2020.05.01"]
[Round "6"]
[White "Boghossian, Wahe"]
[Black "Van Foreest, Machteld"]
[Result "0-1"]
[WhiteElo "1751"]
[BlackElo "1975"]
[PlyCount "94"]
[EventDate "2020.05.??"]

1. e4 e5 2. Nf3 Nc6 3. d4 exd4 4. Bc4 Nf6 5. e5 d5 6. Bb5 Ne4 7. Nxd4 Bc5 8.
Be3 O-O 9. Nxc6 bxc6 10. Bxc5 Nxc5 11. Bxc6 Rb8 12. O-O Ba6 13. Re1 Rxb2 14.
Qd4 Rxc2 15. Na3 Nb3 16. axb3 Rxc6 17. Qxa7 Qh4 18. Nb1 Qb4 19. Na3 Rd8 20. Nc2
Rxc2 21. Qxa6 d4 22. e6 Qe7 23. Qd3 Rc3 24. Qe4 fxe6 25. Qxe6+ Qxe6 26. Rxe6
Kf7 27. Re2 d3 28. Rd2 Rxb3 29. f3 Ke6 30. Rc1 Rd7 31. Kf2 Kd5 32. Ke3 Re7+ 33.
Kf2 c5 34. Rcd1 c4 35. Rc1 Kd4 36. Ra2 Rc3 37. Rd1 Rb3 38. Rc1 Reb7 39. Ra4
R7b4 40. Ra7 Rb7 41. Ra4 R3b4 42. Ra6 Rb2+ 43. Kf1 Rb1 44. Ra1 Rxc1+ 45. Rxc1
d2 46. Rd1 Kd3 47. Ra1 c3 0-1

[Event "NK B Jeugd"]
[Site "Chess.com"]
[Date "2020.05.01"]
[Round "6"]
[White "Cchung, Nyuk Lyn"]
[Black "Torensma, Christian"]
[Result "1-0"]
[WhiteElo "2033"]
[BlackElo "1760"]
[PlyCount "51"]
[EventDate "2020.05.??"]

1. e4 e6 2. d4 d5 3. Nc3 Bb4 4. e5 c5 5. a3 Bxc3+ 6. bxc3 Qa5 7. Bd2 Qa4 8. Nf3
c4 9. Ra2 Nc6 10. h4 Nge7 11. Ng5 h6 12. Nh3 Bd7 13. Qf3 Rf8 14. Be2 O-O-O 15.
O-O f6 16. exf6 Rxf6 17. Qg3 Nf5 18. Qg4 Rdf8 19. Rb1 Be8 20. Rab2 b6 21. Ra2
Rg6 22. Qf4 Rff6 23. h5 Nfxd4 24. Qe3 Nxe2+ 25. Qxe2 Rg4 26. Qxg4 1-0

[Event "NK B Jeugd"]
[Site "Chess.com"]
[Date "2020.05.01"]
[Round "6"]
[White "De Winter, Arthur"]
[Black "Van Kuijk, Vadim"]
[Result "1-0"]
[WhiteElo "2457"]
[BlackElo "1796"]
[PlyCount "59"]
[EventDate "2020.05.??"]

1. e4 c5 2. Nf3 Nc6 3. d4 cxd4 4. Nxd4 Nf6 5. Nc3 e5 6. Ndb5 d6 7. Nd5 Nxd5 8.
exd5 Ne7 9. c4 Ng6 10. Be3 Bf5 11. Qa4 Bd7 12. Qb4 Bf5 13. c5 a6 14. Nxd6+ Bxd6
15. cxd6 O-O 16. Be2 Qd7 17. O-O Rfd8 18. Bc5 Nf4 19. Rfe1 Nxd5 20. Qd2 Nf6 21.
Qe3 Re8 22. Rac1 Rac8 23. Ba3 Nd5 24. Qg5 Nf4 25. Bf1 Bd3 26. Rxc8 Rxc8 27.
Qxe5 Bxf1 28. Qxf4 Bb5 29. Re7 Qc6 30. Qxf7+ 1-0

[Event "NK B Jeugd"]
[Site "Chess.com"]
[Date "2020.05.01"]
[Round "6"]
[White "Elgersma, Onno"]
[Black "Van Wijngaarden, Frank"]
[Result "1/2-1/2"]
[WhiteElo "2290"]
[BlackElo "2008"]
[PlyCount "78"]
[EventDate "2020.05.??"]

1. e4 c5 2. Nf3 g6 3. c3 Bg7 4. d4 cxd4 5. cxd4 d5 6. exd5 Nf6 7. Nc3 Nxd5 8.
Bc4 Nxc3 9. bxc3 Qc7 10. Qb3 O-O 11. Ng5 e6 12. Ba3 Rd8 13. O-O Nc6 14. Bd3 b6
15. Rac1 Bb7 16. Qd1 Ne7 17. Qg4 Nf5 18. Ne4 Rac8 19. h4 Qc6 20. Bb2 e5 21. h5
exd4 22. cxd4 Qd5 23. Rxc8 Rxc8 24. hxg6 hxg6 25. Ng5 Nxd4 26. Be4 Qc4 27. Qh4
Bxe4 28. Nxe4 Ne2+ 29. Kh2 Bxb2 30. Re1 Be5+ 31. g3 Nc3 32. Qg4 Nxe4 33. Rxe4
Qxa2 34. Qxc8+ Kg7 35. Rxe5 Qxf2+ 36. Kh3 Qf1+ 37. Kh2 Qf2+ 38. Kh1 Qf1+ 39.
Kh2 Qf2+ 1/2-1/2

[Event "NK B Jeugd"]
[Site "Chess.com"]
[Date "2020.05.01"]
[Round "6"]
[White "Li-Behn, Tobias"]
[Black "Maters, Arthur"]
[Result "1-0"]
[WhiteElo "1764"]
[BlackElo "1934"]
[PlyCount "109"]
[EventDate "2020.05.??"]

1. c4 e5 2. Nc3 Nc6 3. g3 f5 4. Bg2 Nf6 5. e3 d5 6. cxd5 Nb4 7. d4 e4 8. Bf1
Nfxd5 9. a3 Nxc3 10. bxc3 Nd5 11. c4 Nf6 12. Bb2 c5 13. d5 Bd6 14. Ne2 O-O 15.
Qd2 Qe8 16. Bg2 Qh5 17. h3 f4 18. Nxf4 Bxf4 19. exf4 Bd7 20. Qe2 Qg6 21. O-O
Rae8 22. Qc2 Qh5 23. h4 e3 24. Rfe1 exf2+ 25. Qxf2 b5 26. Bxf6 gxf6 27. Qxc5
Kh8 28. Qd6 Bg4 29. Rxe8 Qxe8 30. c5 Qe3+ 31. Kh2 Re8 32. Qxf6+ Kg8 33. Qg5+
Kf7 34. Qxg4 Qxc5 35. Qh5+ Ke7 36. Qxh7+ Kd6 37. Qg6+ Kd7 38. Qc6+ Qxc6 39.
dxc6+ Kc7 40. Rb1 Rb8 41. Rd1 a5 42. Rd7+ Kc8 43. Bh3 b4 44. Rb7+ Kd8 45. Rxb8+
Kc7 46. Rb7+ Kd8 47. c7+ Ke7 48. c8=Q+ Kd6 49. Qd7+ Kc5 50. Qb5+ Kd4 51. Rd7+
Ke3 52. Qe5+ Kf3 53. Rd3+ Kf2 54. Qd4+ Ke1 55. Qe3# 1-0

[Event "NK B Jeugd"]
[Site "Chess.com"]
[Date "2020.05.01"]
[Round "6"]
[White "Qi, Zimo"]
[Black "Wierenga, Jael"]
[Result "0-1"]
[WhiteElo "1732"]
[BlackElo "1942"]
[PlyCount "50"]
[EventDate "2020.05.??"]

1. d4 Nf6 2. c4 e6 3. Nf3 Bb4+ 4. Bd2 Be7 5. Nc3 O-O 6. e4 d6 7. Bd3 c5 8. d5
exd5 9. exd5 a6 10. O-O Nbd7 11. Qc2 h6 12. Rfe1 Rb8 13. a4 Ng4 14. h3 Nge5 15.
Nxe5 Nxe5 16. Bf1 f5 17. f4 Ng6 18. Bd3 Bh4 19. Re2 Bg3 20. Rf1 Qh4 21. Qc1 Bd7
22. Be1 Rbe8 23. Bxg3 Qxg3 24. Rxe8 Rxe8 25. Ne2 Qxd3 0-1

[Event "NK B Jeugd"]
[Site "Chess.com"]
[Date "2020.05.01"]
[Round "6"]
[White "Rutten, Alexander"]
[Black "Pham, Khoi"]
[Result "0-1"]
[WhiteElo "2021"]
[BlackElo "1944"]
[PlyCount "130"]
[EventDate "2020.05.??"]

1. e4 c5 2. Nf3 d6 3. d4 cxd4 4. Qxd4 Nf6 5. Bg5 Nbd7 6. c4 e6 7. Nc3 Be7 8.
Be2 a6 9. O-O O-O 10. b3 b6 11. h3 Bb7 12. Bd3 h6 13. Bd2 Nc5 14. b4 Nxd3 15.
Qxd3 Rc8 16. Rac1 Nd7 17. Be3 Qc7 18. Na4 Bc6 19. Nc3 Ne5 20. Nxe5 dxe5 21. a3
Qb8 22. f3 Rfd8 23. Qe2 a5 24. Rb1 axb4 25. axb4 Be8 26. Rfc1 Qc7 27. Nb5 Bxb5
28. cxb5 Qb7 29. Qf2 Rxc1+ 30. Rxc1 Bxb4 31. Bxb6 Rd2 32. Qe3 Qd7 33. Bc5 Qxb5
34. Bxb4 Qxb4 35. Qc3 Qb6+ 36. Kh1 Qf2 37. Rg1 Re2 38. Qxe5 Qe3 39. Qg3 Rd2 40.
Re1 Qd3 41. Kh2 Qc2 42. Ra1 Qb2 43. Rf1 Rc2 44. Rd1 Rc5 45. Rf1 Rg5 46. Qf2 Qc3
47. Rd1 Kh7 48. Rd7 Qf6 49. Qd2 Rc5 50. Qf2 Rb5 51. Rd2 h5 52. g3 h4 53. Re2
hxg3+ 54. Qxg3 Rg5 55. e5 Rxg3 56. exf6 Rxf3 57. Kg2 Rxf6 58. Kg3 Kg6 59. Kg4
Rf1 60. h4 f5+ 61. Kg3 Kf6 62. Rb2 Ra1 63. Rc2 Ra3+ 64. Kg2 Ra4 65. Kg3 Rg4+
0-1

[Event "NK B Jeugd"]
[Site "Chess.com"]
[Date "2020.05.01"]
[Round "6"]
[White "Shakhverdian, William"]
[Black "Labruyère, Roger"]
[Result "1-0"]
[WhiteElo "2099"]
[BlackElo "1927"]
[PlyCount "79"]
[EventDate "2020.05.??"]

1. d4 Nf6 2. c4 e6 3. Nf3 c5 4. d5 exd5 5. cxd5 d6 6. Nc3 Be7 7. e4 O-O 8. Bd3
Nbd7 9. h3 Re8 10. O-O Bf8 11. a4 Rb8 12. Bf4 b6 13. Re1 Ne5 14. Bf1 Nfd7 15.
Nd2 Ng6 16. Bg3 Bb7 17. Nb5 Qf6 18. Qc2 a6 19. Nc3 Qd8 20. Nc4 Nde5 21. f4 Nxc4
22. Bxc4 f6 23. Rad1 Qd7 24. Be2 Bc8 25. Bf3 b5 26. axb5 axb5 27. b3 b4 28. Na4
Ba6 29. Nb2 Ra8 30. h4 Bb5 31. Nc4 Bxc4 32. Qxc4 Nh8 33. e5 fxe5 34. fxe5 dxe5
35. d6+ Nf7 36. Bxa8 Rxa8 37. Bxe5 Rc8 38. Rf1 Re8 39. Bg3 Bxd6 40. Bxd6 1-0

[Event "NK B Jeugd"]
[Site "Chess.com"]
[Date "2020.05.01"]
[Round "6"]
[White "Slagboom, Leandro"]
[Black "Verheul, Job"]
[Result "1-0"]
[WhiteElo "1918"]
[BlackElo "1940"]
[PlyCount "105"]
[EventDate "2020.05.??"]

1. Nf3 d5 2. c4 c6 3. g3 Nf6 4. Bg2 Bg4 5. O-O e6 6. Qb3 Qc8 7. d4 Nbd7 8. Bf4
Be7 9. Nc3 O-O 10. Rfd1 Nh5 11. Bd2 Nhf6 12. Rac1 Re8 13. h3 Bf5 14. Nh4 Be4
15. Bxe4 Nxe4 16. Nxe4 dxe4 17. Ng2 f5 18. h4 Nf6 19. Bg5 Ng4 20. Bxe7 Rxe7 21.
Nf4 Qe8 22. e3 Rd8 23. d5 e5 24. d6 Red7 25. c5+ Kh8 26. Ne6 Rb8 27. Ng5 Nf6
28. Qe6 Qxe6 29. Nxe6 Nd5 30. Rxd5 cxd5 31. Rd1 Kg8 32. Rxd5 Kf7 33. Ng5+ Kf6
34. Nxh7+ Kg6 35. Ng5 Kf6 36. Kf1 Rbd8 37. Ke2 Rc8 38. b4 a5 39. a3 axb4 40.
axb4 Ra8 41. b5 Ra2+ 42. Kf1 Ra1+ 43. Kg2 Rc1 44. f4 exf4 45. gxf4 Rc2+ 46. Kf1
Rc3 47. Ke2 Rc2+ 48. Kd1 Rc3 49. Kd2 Rc4 50. Re5 g6 51. Re6+ Kg7 52. Re7+ Rxe7
53. dxe7 1-0

[Event "NK B Jeugd"]
[Site "Chess.com"]
[Date "2020.05.01"]
[Round "6"]
[White "Van Dael, Siem"]
[Black "Van der Hagen, Loek"]
[Result "0-1"]
[WhiteElo "2224"]
[BlackElo "2214"]
[PlyCount "54"]
[EventDate "2020.05.??"]

1. e4 c5 2. Nf3 d6 3. d4 cxd4 4. Nxd4 Nf6 5. Nc3 a6 6. Be3 e5 7. Nb3 Be7 8. f3
Be6 9. Qd2 Nbd7 10. O-O-O O-O 11. g4 b5 12. g5 b4 13. Ne2 Ne8 14. f4 exf4 15.
Bxf4 a5 16. Nbd4 Nc5 17. Nxe6 fxe6 18. Bg2 a4 19. h4 Rb8 20. Be3 Qa5 21. Nd4
Qa6 22. Bf1 Qb7 23. Bc4 Qxe4 24. Rhe1 b3 25. Bg1 Qxh4 26. Nxe6 Qxc4 27. Nxc5
bxa2 0-1

[Event "NK B Jeugd"]
[Site "Chess.com"]
[Date "2020.05.01"]
[Round "6"]
[White "Van Dam, Thijs"]
[Black "Huang, Wendy"]
[Result "1-0"]
[WhiteElo "2125"]
[BlackElo "1916"]
[PlyCount "81"]
[EventDate "2020.05.??"]

1. d4 Nf6 2. c4 e6 3. Nc3 Bb4 4. f3 d5 5. a3 Bxc3+ 6. bxc3 O-O 7. cxd5 exd5 8.
e3 b6 9. Bd3 Bb7 10. Ne2 Nbd7 11. O-O c5 12. Ng3 Re8 13. Re1 Nf8 14. a4 Ng6 15.
Ba3 Rc8 16. Rb1 cxd4 17. cxd4 Rc7 18. Nf5 Bc8 19. Nd6 Re6 20. Nxc8 Qxc8 21. Bf5
Qe8 22. Bxe6 Qxe6 23. a5 Rc3 24. Bc1 h6 25. Bd2 Rc8 26. Rc1 Re8 27. Rc7 Re7 28.
Qc2 Rxc7 29. Qxc7 bxa5 30. Qxa7 Nh4 31. Qxa5 Qf5 32. Rf1 Qg5 33. Rf2 Qg6 34.
Qa1 Nh5 35. Qa8+ Kh7 36. Qxd5 Qb1+ 37. Rf1 Qd3 38. Qxh5 Nxg2 39. Kxg2 Qxd2+ 40.
Rf2 Qxe3 41. Qe5 1-0

[Event "NK B Jeugd"]
[Site "Chess.com"]
[Date "2020.05.01"]
[Round "7"]
[White "De Winter, Arthur"]
[Black "Achuthan, Dylan"]
[Result "1-0"]
[WhiteElo "2458"]
[BlackElo "1939"]
[PlyCount "111"]
[EventDate "2020.05.??"]

1. e4 c5 2. Nf3 Nc6 3. d4 cxd4 4. Nxd4 e5 5. Nb5 d6 6. N1c3 a6 7. Na3 b5 8. Nd5
Nge7 9. Bg5 Nd4 10. c3 Ne6 11. Bh4 Qd7 12. Nb6 Qb7 13. Nxa8 Qxe4+ 14. Qe2 Qxa8
15. O-O-O Nf4 16. Qd2 Neg6 17. Bg3 Be7 18. h4 h5 19. Nc2 Be6 20. Kb1 O-O 21.
Ne3 Rd8 22. Bd3 e4 23. Bc2 d5 24. Bxf4 Nxf4 25. Nf5 Bxf5 26. Qxf4 Bg6 27. Rd2
Qc6 28. Rhd1 b4 29. c4 Qxc4 30. Ka1 Rc8 31. Bb1 Bf6 32. Qd6 d4 33. Qf4 d3 34.
f3 Rd8 35. fxe4 Bxe4 36. Re1 Rd4 37. Qf2 a5 38. Rdd1 a4 39. Rxe4 Rxe4 40. Bxd3
Rd4 41. Qf5 a3 42. Qh7+ Kf8 43. Qh8+ Ke7 44. Re1+ Kd6 45. Bxc4 axb2+ 46. Kb1
Rxc4 47. Qf8+ Kc6 48. Qc8+ Kb5 49. Qb7+ Kc5 50. Qc7+ Kb5 51. Qxf7 Bc3 52. Re8
Rd4 53. Rb8+ Kc6 54. Qe6+ Kc7 55. Rc8+ Kb7 56. Qc6+ 1-0

[Event "NK B Jeugd"]
[Site "Chess.com"]
[Date "2020.05.01"]
[Round "7"]
[White "Huang, Wendy"]
[Black "Torensma, Christian"]
[Result "1/2-1/2"]
[WhiteElo "1911"]
[BlackElo "1773"]
[PlyCount "46"]
[EventDate "2020.05.??"]

1. e4 e6 2. d4 d5 3. Nd2 Be7 4. Bd3 c5 5. exd5 Qxd5 6. Ngf3 cxd4 7. Bc4 Qd6 8.
O-O Nc6 9. Nb3 Nf6 10. Nbxd4 Nxd4 11. Nxd4 O-O 12. c3 Qc7 13. Bb3 Bd7 14. Bg5
Rad8 15. Qe2 Bc8 16. Rfe1 a6 17. Rad1 Nd5 18. Bxe7 Nxe7 19. Bc2 Ng6 20. Qe4 b6
21. Qe2 Bb7 22. Be4 Bxe4 23. Qxe4 Rfe8 1/2-1/2

[Event "NK B Jeugd"]
[Site "Chess.com"]
[Date "2020.05.01"]
[Round "7"]
[White "Labruyère, Roger"]
[Black "Li-Behn, Tobias"]
[Result "1-0"]
[WhiteElo "1932"]
[BlackElo "1759"]
[PlyCount "93"]
[EventDate "2020.05.??"]

1. e4 e5 2. Nf3 Nc6 3. Bc4 Bc5 4. O-O Nf6 5. d3 h6 6. h3 O-O 7. c3 d6 8. a4 a5
9. Bb3 Re8 10. Nbd2 Bb6 11. Bc2 Ne7 12. Re1 Ng6 13. Nf1 c6 14. Ng3 Be6 15. d4
exd4 16. cxd4 d5 17. e5 Nd7 18. Bxg6 fxg6 19. Qd3 Nf8 20. Ne2 Bf5 21. Qd2 Qd7
22. Ng3 Be6 23. Qd3 Re7 24. Nh4 g5 25. Nhf5 Bxf5 26. Nxf5 Re6 27. f4 gxf4 28.
Bxf4 c5 29. Kh1 cxd4 30. Nxd4 Bxd4 31. Qxd4 Ng6 32. Bh2 Rae8 33. Rad1 Qc6 34.
Qxd5 Qxa4 35. Qxb7 Nxe5 36. Bxe5 Rxe5 37. Rf1 R8e7 38. Rd8+ Kh7 39. Qc8 Qb5 40.
Rh8+ Kg6 41. Qc2+ Kg5 42. Rhf8 g6 43. Qd2+ Kh5 44. g4+ Kh4 45. Qf2+ Kxh3 46.
Qh2+ Kxg4 47. Rg1# 1-0

[Event "NK B Jeugd"]
[Site "Chess.com"]
[Date "2020.05.01"]
[Round "7"]
[White "Maters, Arthur"]
[Black "Boghossian, Wahe"]
[Result "0-1"]
[WhiteElo "1922"]
[BlackElo "1844"]
[PlyCount "88"]
[EventDate "2020.05.??"]

1. e4 c5 2. Nf3 d6 3. d4 cxd4 4. Nxd4 Nf6 5. Nc3 a6 6. Be2 e5 7. Nf3 Be6 8. Bg5
Nbd7 9. O-O Be7 10. Nd2 Rc8 11. Re1 O-O 12. Nf1 b5 13. Ne3 b4 14. Bxf6 Nxf6 15.
Ncd5 Nxe4 16. Bf3 Nc5 17. a3 bxa3 18. Rxa3 f5 19. b4 Nd7 20. Rxa6 e4 21. Be2 f4
22. Nxe7+ Qxe7 23. Nd5 Qg5 24. Bf1 Qxd5 25. Qxd5 Bxd5 26. Rxd6 Nf6 27. Rc1 Bc4
28. b5 Bxf1 29. Kxf1 f3 30. c4 fxg2+ 31. Kxg2 Ng4 32. Rc2 Ne5 33. c5 Nd3 34. c6
Ne1+ 35. Kg3 Nxc2 36. b6 Rf3+ 37. Kg2 Rc3 38. b7 Rb8 39. Kf1 Nb4 40. c7 Rxc7
41. Rd4 Rcxb7 42. Rxe4 Rf7 43. Re2 Nd3 44. Kg2 Nf4+ 0-1

[Event "NK B Jeugd"]
[Site "Chess.com"]
[Date "2020.05.01"]
[Round "7"]
[White "Pham, Khoi"]
[Black "Van Wijngaarden, Frank"]
[Result "1-0"]
[WhiteElo "1965"]
[BlackElo "1995"]
[PlyCount "169"]
[EventDate "2020.05.??"]

1. d4 Nf6 2. c4 c5 3. d5 e6 4. Nc3 exd5 5. cxd5 d6 6. Nf3 a6 7. a4 g6 8. Bf4
Bg7 9. h3 O-O 10. e3 Re8 11. Nd2 Nfd7 12. Be2 Ne5 13. O-O Nbd7 14. Bg3 f5 15.
Re1 Rb8 16. Qc2 Nf7 17. a5 Nde5 18. f4 Nd7 19. Nc4 Qc7 20. Bf3 Nf6 21. Bh4 Bd7
22. Nb6 Bb5 23. g4 fxg4 24. hxg4 Re7 25. g5 Nd7 26. Nxb5 axb5 27. Bg4 Nxb6 28.
axb6 Qxb6 29. Be6 Kh8 30. f5 gxf5 31. g6 Rxe6 32. dxe6 Ne5 33. Qxf5 Nxg6 34.
Bf6 Rf8 35. Bxg7+ Kxg7 36. Qg4 Qc6 37. Rf1 Qd5 38. Rxf8 Kxf8 39. Rd1 Qe5 40.
Qf3+ Kg7 41. Qxb7+ Kh6 42. Qh1+ Kg7 43. Qh3 b4 44. Rf1 Qg5+ 45. Kf2 Qd5 46. Ke1
h5 47. Rf7+ Kg8 48. Qf5 Qxf5 49. Rxf5 h4 50. Kf2 c4 51. Rg5 Kh7 52. Rg4 d5 53.
Rxh4+ Kg7 54. Rd4 Ne7 55. Rf4 Ng6 56. Rf7+ Kg8 57. Rd7 c3 58. bxc3 bxc3 59.
Rxd5 Kf8 60. Rc5 Ke7 61. Rxc3 Kxe6 62. Ra3 Ne5 63. Ra5 Kf6 64. e4 Ke6 65. Ra6+
Kf7 66. Ke3 Ke7 67. Kf4 Nc4 68. e5 Kf7 69. Rc6 Na5 70. Rc5 Nb3 71. Rb5 Nd4 72.
Rb6 Ne6+ 73. Kf5 Nd4+ 74. Ke4 Ne6 75. Rd6 Ke7 76. Rd1 Kf7 77. Kf5 Ng7+ 78. Kg4
Ke6 79. Kf4 Kf7 80. Rd7+ Kf8 81. Ra7 Kg8 82. Kg5 Kf8 83. Kf6 Ne8+ 84. Kg6 Kg8
85. Rf7 1-0